Score 0/14 Timer 03:00
0 Plays Today
% Correct
Thin Mints
94.3%
Samoas or Caramel deLites
81.4%
Tagalongs or Peanut Butter Patties
71.9%
Trefoils or Shortbread
67.5%
Do-si-dos or Peanut Butter Sandwich
48.7%
Lemonades
19.3%
Thanks-A-Lot
18.1%
% Correct
Toffee-tastic
13.7%
Savannah Smiles
13.2%
Dulce de Leche
11.7%
Trios
11.3%
Rah-Rah Raisins
7.5%
Thank U Berry Munch
6.8%
Mango Crèmes
5.9%

You're not logged in!

Compare scores with friends on all Sporcle quizzes.
OR
Log In

Sporcle TV

Today on Sporcle TV


Watch our educational content, quiz creation guides, and fun videos on Sporcle TV.

Show Comments

Extras

Top Quizzes Today


Score Distribution

Paid Content

Your Account Isn't Verified!

In order to create a playlist on Sporcle, you need to verify the email address you used during registration. Go to your Sporcle Settings to finish the process.

Report this User

Report this user for behavior that violates our Community Guidelines.

Details: